[Event "18th Reykjavik op"]
[Site "Reykjavik ISL"]
[Date "1998.03.14"]
[Round "5.11"]
[White "Jonsson, Bjorgvin"]
[Black "Kindermann, Stefan"]
[Result "1/2-1/2"]
[WhiteElo "2380"]
[BlackElo "2565"]
[EventDate "1998.03.10"]
[PlyCount "96"]

1.e4 e6 2.d4 d5 3.Nc3 Bb4 4.e5 c5 5.a3 Ba5 6.b4 cxd4 7.Nb5 Bc7 8.f4 Nh6 9.
Nf3 Bd7 ( 9...Nc6 10.Bd3 Bd7 11.O-O a6 12.Nxc7+ Qxc7 13.Kh1 Rc8 $10 {Van 
der Wiel-Hort/Amsterdam/1988/CBM9} ) 10.Nxc7+ ( 10.Nfxd4 $5 a6 11.Nxc7+ 
Qxc7 12.Bd2 Nc6 13.Nf3 $1 Ne7 14.a4 Nef5 15.Bd3 $14 {
Hellers,F-Knaak,R/Novi Sad (ol) 50/322 1990 (27)} ) 10...Qxc7 11.Bd3 ( 11.
Bb2 a5 $1 ( 11...a6 12.Bd3 ( 12.Nxd4 $1 Nc6 ( 12...Ba4 $5 13.Bd3 Nc6 14.
O-O Qb6 15.Kh1 Bb5 16.f5 $5 $36 ) 13.Nf3 ( 13.Nb3 $5 $14 ) 13...Ne7 ( 
13...O-O $5 {ii f5} ) 14.a4 $1 {} ( 14.Bd3 $6 Bb5 $1 ) 14...Nc8 ( 14...
O-O 15.Bd3 $16 ) 15.Bd3 Nb6 16.a5 $16 {Atlas,V-Kindermann,S/AUT-chT 1996 
(41)} ) ( 12.a4 $6 Nc6 13.Ba3 Nf5 ) 12...Nc6 13.Nxd4 Qb6 14.c3 Rc8 15.g4 
Nxd4 16.cxd4 $13 {Frick,R-Hug,W/Bern zt 1990/E-E (76)} ) ( 11...Ba4 $5 ) 
12.Bd3 axb4 13.axb4 Rxa1 14.Qxa1 O-O 15.Bxd4 Nc6 16.Bc5 Rc8 17.O-O b6 18.
Bd6 Qd8 $11 {Smirin,I-Lputian,S/Lvov zt 1990 (40)} ) 11...a6 ( 11...Nf5 
12.Bb2 Nc6 13.Qe2 ( 13.Qd2 Rc8 14.O-O O-O 15.Bxf5 exf5 16.Bxd4 $5 Nxd4 17.
Nxd4 Qc3 18.Rfd1 $11 {Apicella,M-Lputian,S/Capelle la Grande op 1991 (36)}
) 13...Qb6 14.O-O a6 15.Kh1 h5 16.Qf2 Rh6 17.Bxf5 exf5 18.Nxd4 Nxd4 19.
Bxd4 $14 {Sion Castro Marcelino-Vallejo Pons Francisco/It (cat.9) Leon 
(Spain) 1996 (28)} ) ( 11...a5 $5 12.b5 $5 a4 13.O-O Nf5 14.Bxf5 exf5 15.
Nxd4 O-O 16.Rb1 $14 {Mokry,K-Kinsman,A/Dieren op 1990 (40)} ) ( 11...Nc6 
12.O-O Qb6 13.Qe2 a6 14.Bd2 Nf5 15.Bxf5 exf5 16.Kh1 h5 17.Qf2 Ne7 18.a4 
$14 {E-E Novik,M-Budnikov,A/Berliner Sommer 1994} ) ( 11...Qb6 $5 12.Bb2 
Bb5 13.Bxd4 Qa6 14.a4 $5 Bxd3 15.cxd3 Nc6 16.Bc3 Qb6 17.b5 Ne7 18.Qd2 $14 
{Wedberg,T-Kinsman,A/Rilton Cup op 1992/1-0 (54)} ) 12.a4 {} ( 12.O-O Bb5
13.Bxb5+ axb5 14.Qd3 Nc6 15.Qxb5 Qd7 16.Ng5 ( 16.Qc5 Rc8 17.Re1 Nf5 18.Qb6
h5 19.Re2 O-O $132 {Almasi,Z-Hug,W/Altensteig (02) 1994 (28)} ) 16...f6 
17.Nf3 O-O 18.Bb2 fxe5 19.fxe5 Nf5 20.Qd3 h6 21.Bxd4 Nfxd4 22.Nxd4 Rxf1+ 
23.Rxf1 Nxd4 24.Qxd4 Rxa3 25.c4 {E-E Bichsel,W-Hug,W/SUI-chT (7) 1994} ) 
12...Nc6 ( 12...Ng4 13.Qd2 $14 ) ( 12...b5 13.axb5 Qb6 ( 13...Qb7 14.Nxd4 
) 14.Ra5 $1 {iib2i} ) 13.Qd2 f6 $5 ( 13...Nf5 14.Bb2 Qb6 ( 14...O-O $5 15.
Bxf5 exf5 16.Bxd4 Nxd4 $5 17.Nxd4 f6 ( 17...Qc4 $5 ) 18.Nf3 ( 18.exf6 $5 
Rae8+ 19.Kf2 Rxf6 20.c3 Rf7 21.g3 Rfe7 22.Rhe1 Re4 23.a5 $13 ) 18...fxe5 
$6 19.Nxe5 $14 {Almasi,Z-Lputian,S/EU-chTM 1997 (43).} ) 15.b5 axb5 16.
axb5 Rxa1+ 17.Bxa1 Qa5 {} 18.bxc6 Qxa1+ 19.Kf2 Qxh1 20.cxd7+ Kxd7 21.Bxf5
( 21.Qb4 Kc8 ) 21...exf5 22.e6+ $36 {Atlas,V-Kindermann,S/Ptuj zt 1995 
(32)} ) ( 13...Qb6 {Atlas,V} 14.Ba3 Nf5 15.b5 $1 $16 ( 15.a5 $6 Qa7 16.O-O
Ne3 {ii c4} ) ( 15.O-O Ne3 16.Rfb1 Nc4 17.Bxc4 dxc4 18.b5 d3+ 19.Kh1 $16 )
15...Na5 16.g4 $1 {a} ( 16.Bxf5 Nc4 17.Qb4 Nxa3 18.Rxa3 exf5 {ii c8id} ) 
16...Ne3 17.Qb4 O-O-O 18.bxa6 Qxb4+ 19.Bxb4 Nc6 20.Bd6 {ii b1+-} ) 14.exf6
gxf6 15.Bb2 Nf7 ( 15...Qb6 $6 16.b5 axb5 17.axb5 Rxa1+ 18.Bxa1 Qa5 19.Qxa5
( 19.bxc6 $6 Qxa1+ 20.Kf2 Qxh1 21.cxd7+ Kxd7 22.Bb5+ Kc8 23.Qxd4 $44 ) 
19...Nxa5 20.Bxd4 $14 {[%cal Gd4h8]} ) 16.O-O O-O ( 16...e5 $6 17.fxe5 
fxe5 18.Ng5 $1 Nxg5 19.Qxg5 Be6 20.b5 $1 $16 ) 17.b5 axb5 18.axb5 Rxa1 19.
Bxa1 Ne7 20.Qb4 ( {Deserved attention} 20.Bxd4 Nd6 ( 20...e5 $2 21.fxe5 
fxe5 22.Nxe5 $1 Nxe5 23.Rxf8+ Kxf8 24.Qf4+ $18 ) 21.b6 Qc6 22.Re1 Nef5 23.
Qb4 Ne4 24.Bb2 $14 {with better prospects.} ) 20...Nd6 21.b6 $6 ( {The 
pawn's place is on b5,where it controls very important square c6 so better
was} 21.Nxd4 $1 Qb6 22.Kh1 Ra8 23.Qe1 $1 $36 {[%csl Rg8][%cal 
Gd4e6,Ge1g3,Ga1f6]} ) 21...Nc6 $5 22.Qa3 ( 22.Qc5 $5 ) 22...Qb8 23.Nxd4 
Ne4 24.Nxc6 ( 24.Bxe4 dxe4 25.Qg3+ Kh8 26.Nxc6 Bxc6 27.Rd1 $1 Qe8 28.Qh4 
$14 ) 24...Bxc6 25.Bxe4 dxe4 26.Qe7 $1 {[%csl Rf6]} 26...Qc8 $1 {Important
defensive move letting black to hold the position.} 27.Rd1 ( 27.Bxf6 $2 
Rf7 28.Qd8+ Qxd8 29.Bxd8 Rd7 30.Bf6 Rd2 $15 ) 27...Bd5 $1 28.Bxf6 {
Simplifying position and practically forcing a draw.} 28...Rf7 29.Qd8+ 
Qxd8 30.Bxd8 Rxf4 31.Bg5 $11 Rf8 32.Be3 Rc8 33.Rd2 Kg7 34.Kf2 Kg6 35.Ke1 
Rf8 36.Rf2 Rxf2 37.Kxf2 Kf5 38.Bd2 h5 39.Ke3 e5 40.Kf2 Kg4 41.h3+ Kf5 42.
Kg3 e3 $5 43.Bxe3 Kg6 44.Kf2 Kf5 45.g3 Kg6 46.g4 hxg4 47.hxg4 Bh1 48.c4 
Bc6 1/2-1/2

[Event "18th Reykjavik op"]
[Site "Reykjavik ISL"]
[Date "1998.03.14"]
[Round "5.12"]
[White "Gausel, Einar"]
[Black "Ivanov, Mikhail M."]
[Result "1-0"]
[WhiteElo "2555"]
[BlackElo "2440"]
[EventDate "1998.03.10"]
[PlyCount "68"]

1.d4 Nf6 2.Nf3 g6 3.c4 Bg7 4.Nc3 O-O 5.e4 d6 6.Be2 e5 7.Be3 c6 8.Qd2 Ng4 
9.Bg5 f6 10.Bh4 Qe8 11.h3 Nh6 12.O-O Na6 13.Rfe1 Nf7 14.Rad1 Nc7 15.b4 Ne6
16.d5 Nf4 17.Bf1 Bh6 18.Qc2 g5 19.Bg3 g4 20.Bxf4 Bxf4 21.hxg4 Bxg4 22.Be2 
Kh8 23.Nh4 Rg8 24.Rd3 Nh6 25.dxc6 bxc6 26.Qd1 Qf7 27.Bxg4 Rxg4 28.Rh3 Rag8
29.Kh1 Qh5 30.Nf5 Qg6 31.Ne7 Qg7 32.Nxg8 Nxg8 33.Rg1 Rg6 34.Qxd6 Qf7 1-0

[Event "18th Reykjavik op"]
[Site "Reykjavik ISL"]
[Date "1998.03.14"]
[Round "5.13"]
[White "Halldorsson, Bragi"]
[Black "Davies, Nigel"]
[Result "0-1"]
[WhiteElo "2285"]
[BlackElo "2515"]
[EventDate "1998.03.10"]
[PlyCount "106"]

1.d4 Nf6 2.c4 e6 3.Nc3 Bb4 4.f3 Nc6 5.e4 e5 6.d5 Nd4 7.a3 ( 7.Be3 Bc5 8.
Bf2 c6 9.a3 d6 10.b4 Bb6 11.Na4 c5 12.Ne2 Bc7 13.Nxd4 exd4 14.Bh4 h6 15.
Bd3 g5 16.Bf2 Qe7 17.O-O b6 18.Nb2 O-O 19.Bc2 Nh5 $14 {E-E 
Eliet,N-Dunnington,A/Toulouse 1996/EXP 57 (38)} ) 7...Be7 8.Nb5 $2 ( 8.Bd3
) ( 8.Bd3 ) 8...Nxb5 9.cxb5 Bc5 $15 {White faces long term discomfort on 
the dark squares, whether or not he manages to exchange black's ic5.} 10.
Qc2 d6 11.Bd3 Nh5 12.Ne2 Qh4+ 13.g3 Qf6 14.Ng1 ( 14.f4 exf4 15.Nxf4 Nxf4 
16.Bxf4 g5 17.Bc1 Bh3 $17 ) 14...Qg6 15.Ne2 Qf6 16.Ng1 O-O 17.Qg2 Qg6 18.
g4 $2 ( 18.Ne2 $142 f5 $36 ) 18...Nf4 19.Bxf4 ( 19.Qc2 Nxd3+ 20.Qxd3 f5 $1
$17 ) 19...exf4 {Clearly white is now doomed to even greater suffering on 
the dark squares.} 20.O-O-O Qf6 21.Kb1 a6 22.Qc2 axb5 23.Bxb5 c6 $1 24.Bc4
$1 ( 24.dxc6 bxc6 25.Bxc6 Rb8 26.Ka2 Be6+ 27.Bd5 Rfc8 28.Qe2 Bd4 $40 ) 
24...Bd7 ( 24...b5 $5 25.Ba2 cxd5 26.Bxd5 Ra7 $15 ) 25.Ne2 Be3 ( 25...b5 
$5 26.dxc6 Bxc6 27.Bd5 Bxd5 28.Rxd5 b4 $40 ) 26.h4 Rfc8 27.dxc6 bxc6 28.
Qc3 $1 Qe7 29.Qd3 d5 {Black continues his plan of investing pawns in order
to clear lines for attack against the white king.} 30.exd5 cxd5 31.Bxd5 
Rab8 ( 31...Ra7 $5 ) 32.Bxf7+ Qxf7 33.Qxd7 Qf6 34.Nd4 Kh8 35.Rh2 $2 {White
had to try the fearless} ( 35.Nb5 $142 {which is surprisingly resilient:} 
35...Qg6+ ( 35...Rd8 36.Qf5 ( 36.Qc7 $5 ) ) ( 35...Qb6 36.a4 Qa5 37.b3 ) 
36.Ka2 Qc2 ( 36...Qb6 37.a4 Rc4 ( 37...Qa5 38.b3 ) 38.b3 Rc2+ 39.Kb1 {and 
black has no clear attacking continuation.} ) 37.Qd5 Qa4 ( 37...h6 38.Rd3 
$1 Rc5 ( 38...Rd8 39.Qxd8+ Rxd8 40.Rxd8+ Kh7 41.Nc3 Qg2 42.Rhd1 Qxf3 $13 )
39.Qe4 $1 $13 ) 38.Nd6 $8 ( 38.Nc3 Rxb2+ $1 39.Kxb2 Rb8+ $19 ) 38...Rxb2+ 
39.Kxb2 Qc2+ 40.Ka1 Qc3+ $11 ) 35...Rd8 $19 36.Qa4 Rxd4 37.Rxd4 Bxd4 38.
Re2 Be3 39.h5 Qd6 40.Ka1 Rc8 41.Re1 Rd8 42.g5 Qd5 43.h6 Qxg5 44.hxg7+ Qxg7
45.Rh1 Rb8 46.Qc2 Bd4 47.Rb1 Qe5 48.Ka2 Qd5+ 49.b3 Qxf3 50.Rd1 Bg7 51.b4 
Qe3 52.Rd3 Qe6+ 53.Kb1 Qf6 0-1

[Event "18th Reykjavik op"]
[Site "Reykjavik ISL"]
[Date "1998.03.14"]
[Round "5.14"]
[White "Gunnarsson, Arinbjorn"]
[Black "Mortensen, Erling"]
[Result "0-1"]
[WhiteElo "2240"]
[BlackElo "2510"]
[EventDate "1998.03.10"]
[PlyCount "70"]

1.e4 c5 2.c4 Nc6 3.Ne2 Nf6 4.Nbc3 e6 5.d4 d5 6.cxd5 exd5 7.exd5 Nxd5 8.a3 
Nxc3 9.bxc3 Be7 10.Be3 O-O 11.Qd2 Na5 12.Nc1 Be6 13.Be2 Nc4 14.Bxc4 Bxc4 
15.Ne2 Qa5 16.O-O Rfd8 17.Rfd1 Bf6 18.Nf4 Bb3 19.Nh5 Be5 20.Rdb1 cxd4 21.
Rxb3 Bxh2+ 22.Kxh2 Qxh5+ 23.Kg3 dxe3 24.Qxe3 Rd6 25.f3 Re6 26.Qf4 Rg6+ 27.
Kf2 Qc5+ 28.Qd4 Qg5 29.g4 h5 30.Rh1 hxg4 31.f4 g3+ 32.Kg2 Qe7 33.Rb2 Rd8 
34.Qc4 b5 35.Qb4 Qb7+ 0-1

[Event "18th Reykjavik op"]
[Site "Reykjavik ISL"]
[Date "1998.03.14"]
[Round "5.15"]
[White "Ward, Christopher"]
[Black "Bjornsson, Tomas"]
[Result "1-0"]
[WhiteElo "2480"]
[BlackElo "2235"]
[EventDate "1998.03.10"]
[PlyCount "85"]

1.d4 Nf6 2.c4 e6 3.Nc3 Bb4 4.g3 O-O 5.Bg2 d5 6.Nf3 dxc4 7.O-O c5 8.dxc5 
Qxd1 9.Rxd1 Bxc5 10.Ne5 Nc6 11.Nxc4 h6 12.Be3 Bxe3 13.Nxe3 e5 14.Bxc6 bxc6
15.Rd6 Bb7 16.Rad1 Rfe8 17.Nc4 Nd5 18.Ne4 Ba6 19.b3 Bxc4 20.bxc4 Nb4 21.
R1d2 Rec8 22.Nc5 a5 23.Rd7 Na6 24.Nxa6 Rxa6 25.Re7 c5 26.Rdd7 Rf6 27.Rxe5 
Rb8 28.Ra7 Rb4 29.Rxa5 Rxc4 30.Rexc5 Re4 31.Rc8+ Kh7 32.Rc2 Rfe6 33.e3 Rb4
34.Kg2 Rf6 35.a4 Rb1 36.Ra2 g5 37.Rb5 Rc1 38.a5 g4 39.a6 Rd6 40.h3 gxh3+ 
41.Kxh3 Rc8 42.a7 Rdd8 43.Rab2 1-0

[Event "18th Reykjavik op"]
[Site "Reykjavik ISL"]
[Date "1998.03.14"]
[Round "5.16"]
[White "Fridjonsson, Julius"]
[Black "Cicak, Slavko"]
[Result "0-1"]
[WhiteElo "2215"]
[BlackElo "2480"]
[EventDate "1998.03.10"]
[PlyCount "50"]

1.c4 b6 2.Nf3 Bb7 3.g3 Bxf3 4.exf3 c5 5.d4 Nc6 6.Be3 cxd4 7.Bxd4 e6 8.Nc3 
Nge7 9.Be3 Nf5 10.Bg2 Na5 11.Bf1 Rc8 12.Qa4 Nd6 13.c5 bxc5 14.Ba6 Rc6 15.
Be2 a6 16.O-O Be7 17.Ne4 Ndb7 18.a3 c4 19.Rac1 Qc7 20.b4 cxb3 21.Bxa6 O-O 
22.Bb5 b2 23.Rb1 Rc4 24.Bxc4 Nxc4 25.Bc5 Bxc5 0-1

[Event "18th Reykjavik op"]
[Site "Reykjavik ISL"]
[Date "1998.03.14"]
[Round "5.17"]
[White "Hillarp Persson, Tiger"]
[Black "Rasmussen, Rogvi"]
[Result "1-0"]
[WhiteElo "2410"]
[BlackElo "2115"]
[EventDate "1998.03.10"]
[PlyCount "69"]

1.d4 d5 2.c4 c6 3.Nf3 Nf6 4.Nc3 e6 5.Bg5 h6 6.Bxf6 Qxf6 7.e3 Nd7 8.Bd3 
dxc4 9.Bxc4 g6 10.O-O Bg7 11.Rc1 O-O 12.Qe2 Qe7 13.Rfe1 Rd8 14.e4 Nf6 15.
e5 Ne8 16.h4 h5 17.Ne4 b6 18.Ba6 Bb7 19.Bxb7 Qxb7 20.Rc3 Rac8 21.Rec1 Bh6 
22.R1c2 Bf8 23.Qe3 Rd7 24.Qf4 Be7 25.Qh6 Bf8 26.Qc1 c5 27.Qf4 Rdc7 28.dxc5
bxc5 29.Rc4 Rc6 30.b3 Qe7 31.b4 Qd7 32.bxc5 Rb8 33.Rd2 Qc7 34.Rcd4 Rb7 35.
Rd8 1-0

[Event "18th Reykjavik op"]
[Site "Reykjavik ISL"]
[Date "1998.03.14"]
[Round "5.18"]
[White "Gunnarsson, Jon Viktor"]
[Black "Edvardsson, Kristjan"]
[Result "1-0"]
[WhiteElo "2390"]
[BlackElo "2205"]
[EventDate "1998.03.10"]
[PlyCount "147"]

1.e4 c5 2.Nf3 e6 3.d4 cxd4 4.Nxd4 Nc6 5.Nc3 Qc7 6.Be2 a6 7.O-O Nf6 8.Be3 
Bb4 9.Nxc6 bxc6 10.Bd3 d5 11.exd5 cxd5 12.f4 Bc5 13.Bxc5 Qxc5+ 14.Kh1 O-O 
15.Qd2 Rb8 16.Rab1 Bb7 17.Ne2 Rfd8 18.Nd4 Ne4 19.Qe3 f6 20.c3 Re8 21.Bxe4 
dxe4 22.b4 Qd5 23.Nb3 f5 24.Rfd1 Qc4 25.Rd4 Qc7 26.Nc5 Bc8 27.Rbd1 e5 28.
fxe5 Qxe5 29.Rd5 Qf6 30.Rd6 Qf7 31.Qf4 Ra8 32.Na4 Be6 33.Nb6 Rab8 34.a4 e3
35.Re1 Qc7 36.Qd4 f4 37.c4 Rxb6 38.Qxb6 Qxc4 39.Qd4 Qxd4 40.Rxd4 Bb3 41.b5
axb5 42.axb5 e2 43.Rxf4 Bd1 44.b6 Rb8 45.Rb4 Kf7 46.b7 Ke7 47.Kg1 Kd6 48.
Kf2 Kc7 49.Rh4 Rf8+ 50.Ke3 Rf1 51.Rxe2 Bxe2 52.Kxe2 Rf7 53.Rxh7 Kxb7 54.
Rh3 Kc7 55.Rf3 Re7+ 56.Kf2 Rd7 57.Kg3 Kd8 58.Re3 Rd4 59.h3 Rd2 60.Kf3 Ra2 
61.Re2 Ra4 62.Re4 Ra2 63.g3 Ra6 64.Re5 Ra4 65.h4 Rb4 66.Re4 Rb6 67.Kf4 Rg6
68.Re5 Kd7 69.Rg5 Rf6+ 70.Rf5 Rg6 71.h5 Rh6 72.Re5 Kd6 73.g4 g6 74.Ra5 1-0

[Event "18th Reykjavik op"]
[Site "Reykjavik ISL"]
[Date "1998.03.14"]
[Round "5.19"]
[White "Leosson, Torfi"]
[Black "Vidarsson, Jon"]
[Result "0-1"]
[WhiteElo "2160"]
[BlackElo "2380"]
[EventDate "1998.03.10"]
[PlyCount "45"]

1.e4 c5 2.Nf3 e6 3.d4 cxd4 4.Nxd4 Qb6 5.Nb3 Qc7 6.g3 h5 7.Nc3 a6 8.Bf4 d6 
9.Qd2 Nc6 10.O-O-O Ne5 11.Nb5 axb5 12.Bxe5 Bd7 13.Bc3 Rxa2 14.Kb1 Ra8 15.
Ba5 Qc6 16.Bd3 Nf6 17.Qe2 e5 18.f4 Be7 19.f5 Qa6 20.h3 b6 21.Bc3 Qa2+ 22.
Kc1 Nxe4 23.h4 0-1

[Event "18th Reykjavik op"]
[Site "Reykjavik ISL"]
[Date "1998.03.14"]
[Round "5.20"]
[White "Bradbury, Neil"]
[Black "Schmied, Andreas"]
[Result "1/2-1/2"]
[WhiteElo "2360"]
[BlackElo "2155"]
[EventDate "1998.03.10"]
[PlyCount "108"]

1.d4 f5 2.c4 d6 3.g3 g6 4.Bg2 Bg7 5.Nc3 Nf6 6.Nf3 O-O 7.O-O Qe8 8.d5 Na6 
9.Nd4 Bd7 10.e4 fxe4 11.Nxe4 Nxe4 12.Bxe4 c6 13.Be3 ( 13.Bg2 $5 {Tyomkin,D
} 13...Nc7 14.Ne2 c5 15.a4 Na6 16.Nf4 Qc8 17.Qb3 Nb4 18.Bd2 a5 19.Rfe1 Rf7
20.Bc3 $14 {E-E Gisbrecht,E-Kindermann,S/ch-GER, Gladenbach GER 1997 (46)}
) 13...Nc7 {[%cal Gc6c5,Yb7b5]} 14.Rc1 $146 ( 14.Qd2 {Tyomkin,D} 14...c5 
15.Ne2 b5 16.cxb5 ( 16.Bh6 Bxh6 17.Qxh6 bxc4 18.Rad1 Qf7 19.Rd2 Rab8 20.
Qe3 Qf6 $15 {Kamstra,C-Reinderman,D/NLD-ch sf Enschede 1993/0-1(32)} ) 
16...Bf5 17.Bg2 ( 17.f3 Qxb5 18.Nc3 Qb4 19.Nd1 Rab8 $15 {
Babault,P-Videki,S/Cannes op 1989/0-1(44)} ) 17...Qxb5 18.Nc3 Qd3 19.Rfd1 
Qxd2 20.Rxd2 h6 21.Rc1 Rab8 22.Bf1 Bd7 23.Bc4 Rb4 24.b3 Rfb8 $17 {
Hernandez,R-Chernin,A/Cienfuegos 1981/0-1(32)} ) ( 14.Rb1 {Tyomkin,D} 
14...c5 15.Ne2 ( 15.Nf3 $6 Bg4 16.Re1 b5 $132 {Yrjola,J-Malaniuk,V/Tallinn
1987/0-1(28)} ) 15...b5 16.b3 Qf7 17.Qd2 Ne8 18.Nc3 Nf6 19.Bg2 bxc4 20.
bxc4 $14 {Santos,J-Lutz,C/EU-chT Debrecen POR-GER 1992/E-E(46)} ) 14...c5 
15.Ne2 b5 16.b3 ( 16.cxb5 Bf5 $5 ) 16...bxc4 17.bxc4 Rb8 18.Rb1 Qf7 19.Qd2
Bf5 20.Bxf5 Qxf5 21.Rb3 $14 Rxb3 22.axb3 Rb8 23.Qa5 Rb7 24.Qa4 {[%cal 
Ga4c6]} 24...Qc8 ( 24...Qc2 25.Nc1 {[%cal Ra4c6]} ) 25.Nc1 Qe8 26.Qa5 Qc8 
27.Re1 Ne8 28.Bg5 Bf6 29.Bxf6 Nxf6 ( 29...exf6 $6 30.Re6 $16 {[%csl Re8]} 
) 30.Re6 Ne8 31.Qe1 Qd8 32.Re3 Ng7 {[%cal Gg7f5]} 33.g4 $1 Qf8 34.h3 $6 ( 
34.Ne2 $5 Qf6 35.f4 $14 ) 34...Qf6 35.Kg2 e5 36.dxe6 Re7 37.Rf3 Rxe6 ( 
37...Qg5 38.Rf7 Nxe6 $11 ) 38.Rxf6 Rxe1 39.Nd3 Re6 40.Rf3 $2 ( 40.Rxe6 
Nxe6 41.Kf3 $1 Kf7 ( 41...Nd4+ 42.Ke4 Nxb3 43.Kd5 a5 44.Nb2 $16 ) 42.Ke4 
g5 43.f4 $16 ) 40...Re7 ( 40...g5 $11 {[%csl Gf4]} ) 41.Nf4 Ne6 42.Nd5 Rf7
43.Re3 Nf4+ $2 {It lools like black wants to get a draw against 
high-qualified opponent.} ( 43...Nd4 $142 {[%csl Rb3]} ) 44.Nxf4 Rxf4 45.
Re6 Rd4 46.Re8+ Kf7 47.Ra8 Rd3 48.Rxa7+ Kg8 $2 {King has to go to the 
center in endings like this.} ( 48...Ke6 $1 ) 49.Rb7 d5 50.cxd5 $2 ( 50.
Rb5 d4 51.Rxc5 Rxb3 52.Rd5 d3 53.Kf3 $16 Rc3 $140 54.Rd4 {[%cal 
Gf3e3,Yf2f4,Ye3d2]} ) 50...Rxd5 $11 {[%cal Gd5d3,Gd3c3,Yc5c4]} 51.Kf3 ( 
51.h4 h6 52.Kg3 Rd3+ 53.f3 g5 54.h5 Rd2 $11 ) ( 51.f3 g5 52.Kg3 Rd3 $11 ) 
51...Rd3+ 52.Ke4 Rxh3 53.f4 ( 53.f3 h5 $11 ) 53...h5 54.gxh5 ( 54.g5 h4 
55.Ke5 Rd3 ) 54...Rxh5 1/2-1/2

[Event "18th Reykjavik op"]
[Site "Reykjavik ISL"]
[Date "1998.03.14"]
[Round "5.21"]
[White "Palsson, Halldor"]
[Black "Karason, Askell Oern"]
[Result "1-0"]
[WhiteElo "2145"]
[BlackElo "2260"]
[EventDate "1998.03.10"]
[PlyCount "81"]

1.d4 g6 2.c4 Bg7 3.Nc3 d6 4.e4 Nc6 5.Be3 e5 6.d5 Nce7 7.Bd3 f5 8.f3 Nf6 9.
Nge2 O-O 10.Qd2 f4 11.Bf2 g5 12.g4 Ng6 13.O-O-O Nh4 14.Bxh4 gxh4 15.g5 Ne8
16.Rhg1 Kh8 17.Qe1 h3 18.Qh4 Rg8 19.Nxf4 exf4 20.e5 h6 21.Qh5 Rf8 22.Qg6 
Bf5 23.Bxf5 Rxf5 24.Qxf5 Bxe5 25.gxh6 Qf6 26.Qg4 Qf8 27.Ne4 Nf6 28.Qg7+ 
Qxg7 29.hxg7+ Kg8 30.Nxf6+ Bxf6 31.Rg6 Kf7 32.g8=Q+ Rxg8 33.Rxg8 Kxg8 34.
Rg1+ Kf7 35.Rg4 c6 36.dxc6 bxc6 37.Rxf4 Ke6 38.Kc2 Be5 39.Rh4 Bxh2 40.Rxh3
Bg1 41.Rh5 1-0

[Event "18th Reykjavik op"]
[Site "Reykjavik ISL"]
[Date "1998.03.14"]
[Round "5.22"]
[White "Dewenter, Ulf"]
[Black "Einarsson, Einar Kristinn"]
[Result "1/2-1/2"]
[WhiteElo "2245"]
[BlackElo "2085"]
[EventDate "1998.03.10"]
[PlyCount "99"]

1.e4 Nf6 2.e5 Nd5 3.g3 d6 4.exd6 cxd6 5.Bg2 Nf6 6.d4 g6 7.Nf3 Bg7 8.O-O 
O-O 9.Re1 Nc6 10.c4 e5 11.d5 Ne7 12.Nc3 b6 13.Nxe5 dxe5 14.d6 Rb8 15.dxe7 
Qxe7 16.Bg5 Qc5 17.Bxf6 Bxf6 18.Ne4 Qe7 19.Nxf6+ Qxf6 20.Qe2 Ba6 21.b3 
Rfe8 22.Rad1 Bb7 23.Bd5 Bxd5 24.Rxd5 e4 25.Qd2 Re7 26.Qd4 Qxd4 27.Rxd4 
Rbe8 28.Kf1 f5 29.Ke2 Kf7 30.Rd5 Kf6 31.Red1 Re6 32.Rd7 R8e7 33.Rxe7 Rxe7 
34.Ke3 g5 35.Rd6+ Ke5 36.Rd5+ Kf6 37.b4 Rc7 38.Kd4 Re7 39.Rd6+ Kf7 40.Ke3 
Rc7 41.Rd4 Kf6 42.g4 fxg4 43.Rxe4 Kf5 44.Rd4 Re7+ 45.Kd3 Re1 46.c5 bxc5 
47.Rd5+ Ke6 48.Rxc5 Rh1 49.Rxg5 Rxh2 50.Rxg4 1/2-1/2

[Event "18th Reykjavik op"]
[Site "Reykjavik ISL"]
[Date "1998.03.14"]
[Round "5.23"]
[White "Briem, Stefan"]
[Black "Olsen, Heini"]
[Result "1/2-1/2"]
[WhiteElo "2185"]
[BlackElo "2270"]
[EventDate "1998.03.10"]
[PlyCount "89"]

1.f4 Nf6 2.Nf3 g6 3.b3 Bg7 4.Bb2 O-O 5.e3 c5 6.Be2 d5 7.d4 Qc7 8.Ne5 Ne4 
9.O-O cxd4 10.exd4 Nc6 11.Nd2 Nxe5 12.Nxe4 Nc6 13.Nc5 b6 14.Na4 Bd7 15.Kh1
e6 16.Qd2 a6 17.Rac1 Rfd8 18.Bc3 Ne7 19.Nb2 Nf5 20.Nd1 Nd6 21.Bb2 Bb5 22.
Rf3 Bxe2 23.Qxe2 b5 24.Nf2 Qb6 25.c3 a5 26.Nd3 Ne4 27.Ne5 Nd6 28.a3 Rac8 
29.Rd1 a4 30.b4 Ne4 31.g4 f6 32.Nd3 Nxc3 33.Bxc3 Rxc3 34.Nc5 Rxf3 35.Qxf3 
Qc6 36.f5 e5 37.Ne6 Rd7 38.h4 exd4 39.Rxd4 Qc1+ 40.Rd1 Qc4 41.Nc5 Rd8 42.
Nb7 Rd7 43.Nc5 Rd8 44.Nb7 Rd7 45.Nc5 1/2-1/2

[Event "18th Reykjavik op"]
[Site "Reykjavik ISL"]
[Date "1998.03.14"]
[Round "5.24"]
[White "Kristjansson, Stefan"]
[Black "Kjartansson, David"]
[Result "1/2-1/2"]
[WhiteElo "2255"]
[BlackElo "2100"]
[EventDate "1998.03.10"]
[PlyCount "86"]

1.c4 Nf6 2.Nc3 c6 3.e4 d5 4.exd5 cxd5 5.d4 Nc6 6.Nf3 Bg4 7.Be3 e6 8.Be2 
Be7 9.O-O dxc4 10.Ne5 Bxe2 11.Qxe2 Nxe5 12.dxe5 Nd5 13.Qxc4 Nxe3 14.Qb5+ 
Qd7 15.Qxd7+ Kxd7 16.fxe3 f5 17.exf6 Bxf6 18.Ne4 Ke7 19.Rac1 Rac8 20.Nxf6 
gxf6 21.Kf2 b6 22.Ke2 Rhg8 23.g3 Rgd8 24.b3 a5 25.Rc4 Rxc4 26.bxc4 Rc8 27.
Rf4 Rc5 28.Rh4 h5 29.Kd3 b5 30.a3 Kd6 31.Kc3 Re5 32.cxb5 Rxb5 33.Rf4 Re5 
34.e4 Rc5+ 35.Kb3 Ke7 36.Rf3 Kf7 37.Rc3 Re5 38.Rc4 Kg6 39.Kc3 Kg5 40.Kd4 
Kg4 41.a4 Kh3 42.Rc2 Rg5 43.Re2 f5 1/2-1/2

[Event "18th Reykjavik op"]
[Site "Reykjavik ISL"]
[Date "1998.03.14"]
[Round "5.25"]
[White "Bjornsson, Sigurbjorn"]
[Black "Steindorsson, Sigurdur Pall"]
[Result "1/2-1/2"]
[WhiteElo "2210"]
[BlackElo "2027"]
[EventDate "1998.03.10"]
[PlyCount "53"]

1.d4 Nf6 2.g3 e6 3.Bg2 d5 4.Nf3 c5 5.O-O Nc6 6.dxc5 Bxc5 7.c4 O-O 8.Nc3 
dxc4 9.Qa4 Nd5 10.Qxc4 Nxc3 11.bxc3 Be7 12.Nd4 Nxd4 13.cxd4 Bf6 14.Bf4 
Qxd4 15.Qb3 Qxa1 16.Rxa1 Bxa1 17.Bd6 Rd8 18.Bxb7 Bxb7 19.Qxb7 Bd4 20.h4 h6
21.a4 Bb6 22.Bb4 Rab8 23.Qe4 Rd4 24.Qe5 Rc8 25.Ba3 Rxa4 26.Bb2 Rg4 27.Kg2 
1/2-1/2

[Event "18th Reykjavik op"]
[Site "Reykjavik ISL"]
[Date "1998.03.14"]
[Round "5.26"]
[White "Baldursson, Hrannar"]
[Black "Lehikoinen, Pertti"]
[Result "1-0"]
[WhiteElo "2180"]
[BlackElo "2250"]
[EventDate "1998.03.10"]
[PlyCount "85"]

1.e4 c5 2.Nf3 d6 3.c3 Nf6 4.Qc2 g6 5.Be2 Bg7 6.O-O O-O 7.d4 Na6 8.Bxa6 
bxa6 9.dxc5 dxc5 10.e5 Bf5 11.Qa4 Nd7 12.Bf4 Qb6 13.b3 Qb5 14.Qa3 Rad8 15.
c4 Qc6 16.Nc3 Be4 17.Nxe4 Qxe4 18.Bg3 Qc6 19.Rad1 Nb8 20.h3 Qb6 21.Rd5 
Rxd5 22.cxd5 Rd8 23.Qa4 Qb5 24.Qc4 Nd7 25.Qh4 f6 26.d6 exd6 27.exd6 Re8 
28.Re1 Rxe1+ 29.Nxe1 Bf8 30.Qe4 Nb6 31.Nd3 Kf7 32.Qb7+ Qd7 33.Qb8 c4 34.
Nc5 Qc6 35.Qxa7+ Kg8 36.d7 Nxd7 37.Nxd7 c3 38.Bf4 c2 39.Bc1 Qd6 40.Nxf8 
Qd1+ 41.Kh2 Qxc1 42.Ne6 Qh6 43.Qe7 1-0

[Event "18th Reykjavik op"]
[Site "Reykjavik ISL"]
[Date "1998.03.14"]
[Round "5.27"]
[White "Asgeirsson, Heimir"]
[Black "Bjornsson, Bjorn Freyr"]
[Result "0-1"]
[WhiteElo "2140"]
[BlackElo "2240"]
[EventDate "1998.03.10"]
[PlyCount "60"]

1.d4 Nf6 2.c4 c5 3.d5 e6 4.Nc3 exd5 5.cxd5 d6 6.e4 g6 7.f4 Bg7 8.Bb5+ Nbd7
9.e5 dxe5 10.fxe5 Nh5 11.e6 Qh4+ 12.g3 Nxg3 13.hxg3 Qxh1 14.Be3 Bxc3+ 15.
bxc3 a6 16.exd7+ Bxd7 17.Bxd7+ Kxd7 18.Qb3 b5 19.O-O-O Qe4 20.Bxc5 Rhc8 
21.Bd4 Rc4 22.Kb2 Qg2+ 23.Ka1 Re8 24.Qb2 Qxg3 25.Ne2 Qf3 26.Rd2 $4 ( 26.
Re1 Qxd5 $17 ) 26...Rxe2 27.Rxe2 Qf1+ 28.Qb1 Qxe2 29.Qh1 h5 30.d6 Rc6 0-1

[Event "18th Reykjavik op"]
[Site "Reykjavik ISL"]
[Date "1998.03.14"]
[Round "5.28"]
[White "Ragnarsson, Johann"]
[Black "Finnlaugsson, Gunnar"]
[Result "1/2-1/2"]
[WhiteElo "2110"]
[BlackElo "2215"]
[EventDate "1998.03.10"]
[PlyCount "86"]

1.d4 Nf6 2.c4 c5 3.d5 b5 4.Nf3 e6 5.dxe6 fxe6 6.cxb5 d5 7.Bg5 Nbd7 8.e4 
dxe4 9.Nfd2 Bb7 10.Nc3 Qc7 11.Bxf6 Nxf6 12.Qa4 Kf7 13.Ndxe4 Bxe4 14.Nxe4 
Qe5 15.f3 c4 16.Be2 Nxe4 17.fxe4 Bc5 18.O-O-O c3 19.Rhf1+ Kg6 20.Qb3 Rac8 
21.Kb1 cxb2 22.Qxb2 Qxb2+ 23.Kxb2 Rc7 24.Kb3 Re8 25.Rc1 Ree7 26.Bg4 Kg5 
27.Be2 Bd4 28.Rxc7 Rxc7 29.Bc4 e5 30.Rf5+ Kh6 31.a4 g6 32.Rf8 Bg1 33.h3 
Kg5 34.a5 Kh4 35.Rf3 h5 36.Kb4 g5 37.Rf1 Bc5+ 38.Kb3 Kg3 39.Rf5 g4 40.Rxh5
gxh3 41.gxh3 Kf4 42.Bd5 Bd4 43.Rh6 Rc1 1/2-1/2